000 00781nam a22002417a 4500
005 20170124110220.0
010 _aB-167976
020 _c220.00
_a9788175344310
035 _aB-167976
037 _bCen Lib/Ret
040 _aDPL
_bEN
082 _a346.5404
_bMAD
100 _aMadan, Vishwa Lochan
_939622
245 _aSales and purchase of properties :
_cby Vishwa Lochan Madan
_ba legal guide /
250 _a3rd ed
260 _aDelhi
_bUniversal Law Publishing
_c2005
270 _aC-FF-1A, Dilkhush Industrial Estate, G. T. Karnal Road
_bDelhi
_e110033
300 _axxx,349p.
_c21cm(pbk)
500 _aIncludes index
650 _aReal property
_9106951
650 _aLand tenure--Law and legislation
_9106952
942 _2ddc
_cEN
_h346.5404
_mMAD
999 _c134047
_d134047